000 01520nam a2200325 a 4500
001 000005383
005 20200929151648.0
008 090819s1997 es 001 0 spa d
020 _a8400076982
040 _aDO-SdBNP
_bspa
_cBNPHU
041 1 7 _aarc
_hspa
082 _a224.1
_bB582t
130 0 _aBiblia.
_pA.T.
_pEzequiel
_lArameo
_tTargum Jonatán
_915272
245 1 0 _aTargum Jonatán de los profetas posteriores en tradición babilónica :
_bEzequiel /
_cJosep Ribera Florit.
260 _aMadrid :
_bConsejo Superior de Investigaciones Científicas,
_c1997.
300 _a250 p. ;
_c27 cm.
490 1 _aTextos y Estudios "Cardenal Cisneros" de la Biblia Políglota Matritense
_v62
500 _aIntroducción y notas en español, con texto en arameo, con caracteres hebreos.
546 _aArameo, Español
630 0 4 _aBIBLIA-A.T.-EZEQUIEL-CRÍTICA TEXTUAL
_915273
650 4 _aCivilización asirio-babilónica
_xRelación con el antiguo testamento
_915274
650 4 _aProfetas
_915275
651 4 _aBabilonia
_xManustritos
_915276
700 1 _aRibera Florit, Josep,
_eintrod.
_915277
710 2 _aConsejo Superior de Investigaciones Científicas (España).
_bInstituto de Filología Bíblica del CSIC.
_bDepartamento de Filología Bíblica y de Oriente Antiguo
_915278
730 0 _aBiblia.
_pA.T.
_pProfetas
_lArameo
_tTargum Jonatán
_915279
830 0 _aTextos y Estudios "Cardenal Cisneros" de la Biblia Políglota Matritense
_v62
_915280
910 _aValidado. Control de calidad EMS
049 _aBNPD
999 _c5183
_d5183